Cesta k vytváření hodnoty zákazníka

Hodnotu zákazníka predstavuje súčasný a budúci príspevok zákazníka k ekonomickému výsledku firmy. Môže byť chápaný v dvoch rovinách - ekonomickej (kvantitatívnej) - ako hodnota obratu, výnosu, či zisku a mimoekonomickej (kvalitatívnej) - ako lojálnosť, doporučenia, vernosť.

Saved in:
Bibliographic Details
Main Author: Vávrová, Věra
Format: Book Chapter
Language:Czech
Subjects:
Tags: Add Tag
No Tags, Be the first to tag this record!

MARC

LEADER 00000naa a2200000 4500
001 0222253
005 20231115071137.8
041 0 |a cze 
044 |a CZ 
245 1 0 |a Cesta k vytváření hodnoty zákazníka  |c Věra Vávrová 
520 |a Hodnotu zákazníka predstavuje súčasný a budúci príspevok zákazníka k ekonomickému výsledku firmy. Môže byť chápaný v dvoch rovinách - ekonomickej (kvantitatívnej) - ako hodnota obratu, výnosu, či zisku a mimoekonomickej (kvalitatívnej) - ako lojálnosť, doporučenia, vernosť. 
610 2 0 |a zákazníci 
610 2 0 |a hodnota 
610 2 0 |a výsledok hospodársky 
610 2 0 |a podnik 
610 2 0 |a analýza ekonomická 
610 2 0 |a marketing 
100 1 |a Vávrová, Věra